MARC details
| 000 -CABECERA |
| campo de control de longitud fija |
01426cam a2200337 a 4500 |
| 001 - NÚMERO DE CONTROL |
| campo de control |
000006950 |
| 003 - IDENTIFICADOR DEL NÚMERO DE CONTROL |
| campo de control |
DO-SdBNP |
| 005 - FECHA Y HORA DE LA ÚLTIMA TRANSACCIÓN |
| campo de control |
20260305073955.0 |
| 008 - DATOS DE LONGITUD FIJA--INFORMACIÓN GENERAL |
| campo de control de longitud fija |
000818s1999 ve ac b 001 0 spa d |
| 020 ## - NÚMERO INTERNACIONAL ESTÁNDAR DEL LIBRO |
| Número Internacional Estándar del Libro |
9800763376 |
| 040 ## - FUENTE DE LA CATALOGACIÓN |
| Centro catalogador/agencia de origen |
DO-SdBNP |
| Lengua de catalogación |
spa |
| Centro/agencia transcriptor |
BNPHU |
| 082 ## - NÚMERO DE LA CLASIFICACIÓN DECIMAL DEWEY |
| Número de clasificación |
923.187 |
| Número de documento/Ítem |
B689 |
| 245 00 - MENCIÓN DE TÍTULO |
| Título |
Bolivar en la memoria de su pueblo : |
| Resto del título |
literatura, música, arte popular / |
| Mención de responsabilidad, etc. |
Maria Teresa Novo ... [et al.] ; prólogo Artajerjes Muñoz. |
| 260 ## - PUBLICACIÓN, DISTRIBUCIÓN, ETC. |
| Lugar de publicación, distribución, etc. |
Caracas : |
| Nombre del editor, distribuidor, etc. |
Fundación Tradiciones Caraqueñas, |
| Fecha de publicación, distribución, etc. |
1999. |
| 300 ## - DESCRIPCIÓN FÍSICA |
| Extensión |
184 p. : |
| Otras características físicas |
il., retrs. ; |
| Dimensiones |
28 cm. + |
| Material acompañante/anejo |
discos de sonido (digital; 4 3 / 4 pulg.) |
| 500 ## - NOTA GENERAL |
| Nota general |
El disco 1 tiene título: América le canta una Bolívar. Disco 2 tiene título: Venezuela en cantos Bolivianos. |
| 504 ## - NOTA DE BIBLIOGRAFÍA, ETC. |
| Nota de bibliografía, etc. |
Incluye discografía (p. 182-184) y referencias bibliográficas. |
| 600 10 - PUNTO DE ACCESO ADICIONAL DE MATERIA--NOMBRE DE PERSONA |
| Nombre de persona |
Bolivar, Simon, |
| Fechas asociadas al nombre |
1783-1830 |
| Subdivisión de forma |
Portraits. |
| 9 (RLIN) |
19290 |
| 600 10 - PUNTO DE ACCESO ADICIONAL DE MATERIA--NOMBRE DE PERSONA |
| Nombre de persona |
Bolívar, Simón, |
| Fechas asociadas al nombre |
1783-1830 |
| 9 (RLIN) |
253 |
| 650 #4 - PUNTO DE ACCESO ADICIONAL DE MATERIA--TÉRMINO DE MATERIA |
| Término de materia o nombre geográfico como elemento de entrada |
Presindentes venezolanos |
| Subdivisión general |
Biografías |
| 9 (RLIN) |
19291 |
| 650 #4 - PUNTO DE ACCESO ADICIONAL DE MATERIA--TÉRMINO DE MATERIA |
| Término de materia o nombre geográfico como elemento de entrada |
Cultura popular |
| Subdivisión geográfica |
América Latina |
| 9 (RLIN) |
19292 |
| 650 #0 - PUNTO DE ACCESO ADICIONAL DE MATERIA--TÉRMINO DE MATERIA |
| Término de materia o nombre geográfico como elemento de entrada |
Folclore |
| Subdivisión geográfica |
América Latina |
| 9 (RLIN) |
33448 |
| 650 #4 - PUNTO DE ACCESO ADICIONAL DE MATERIA--TÉRMINO DE MATERIA |
| Término de materia o nombre geográfico como elemento de entrada |
Artes |
| Subdivisión geográfica |
América Latina |
| 9 (RLIN) |
19294 |
| 700 1# - PUNTO DE ACCESO ADICIONAL--NOMBRE DE PERSONA |
| Nombre de persona |
Novo, María Teresa, |
| Fechas asociadas al nombre |
1948- |
| 9 (RLIN) |
19295 |
| 700 1# - PUNTO DE ACCESO ADICIONAL--NOMBRE DE PERSONA |
| Nombre de persona |
Rodríguez B. Isabel |
| 9 (RLIN) |
19296 |
| 700 1# - PUNTO DE ACCESO ADICIONAL--NOMBRE DE PERSONA |
| Nombre de persona |
Salazar, Rafael |
| 9 (RLIN) |
19297 |
| 700 1# - PUNTO DE ACCESO ADICIONAL--NOMBRE DE PERSONA |
| Nombre de persona |
Díaz, Mariano |
| 9 (RLIN) |
19298 |
| 700 1# - PUNTO DE ACCESO ADICIONAL--NOMBRE DE PERSONA |
| Nombre de persona |
Muñoz, Artajerjes |
| Término indicativo de función/relación |
pról. |
| 9 (RLIN) |
19299 |
| 710 2# - PUNTO DE ACCESO ADICIONAL--NOMBRE DE ENTIDAD CORPORATIVA |
| Nombre de entidad corporativa o nombre de jurisdicción como elemento de entrada |
Fundacion Tradiciones Caraquenas. |
| 9 (RLIN) |
19300 |
| 942 ## - ELEMENTOS DE PUNTO DE ACCESO ADICIONAL (KOHA) |
| Fuente del sistema de clasificación o colocación |
Dewey Decimal Classification |
| Tipo de ítem Koha |
Libro |